Statistics for D - Things that start with the letter 'D'

Click here to take the quiz!

General Stats

  • This quiz has been taken 490 times
  • The average score is 9 of 20

Answer Stats

HintAnswer% Correct
Seven ______ sinsDeadly
94%
Snow White and the seven ______Dwarfs
93%
Ten cent coinDime
84%
A game commonly played with 28 tiles having up to 12 dots on themDominoes
70%
An event in athletics consisting of ten eventsDecathlon
66%
What type of dog are you likely to find at a fire stationDalmatian
64%
Type of apartmentDuplex
56%
Otherwise known as a sausage dogDachshund
51%
Manufacturer of the SRT ViperDodge
51%
Adrian Mole kept oneDiary
45%
Former Greek currencyDrachma
43%
Capital of DelawareDover
42%
In geometry a polyhedron consisting of 12 flat sidesDodecahedron
34%
"As dull as __________"Ditchwater
28%
Russian second home in the countrysideDacha
27%
Synonym for an airshipDirigible
26%
A cocktail made from rum, lime and a sweetnerDaiquiri
24%
Surname of the police officer in 'Top Cat'Dibble
18%
Jethro Tull perfected the horse drawn seed _____Drill
15%
First name of Reinhardt, the jazz guitaristDjango
13%

Score Distribution

Percentile by Number Answered

Percent of People with Each Score

Your Score History

You have not taken this quiz